| 000 | 00454nam a2200181Ia 4500 | ||
|---|---|---|---|
| 001 | 8802 | ||
| 005 | 20260306160636.0 | ||
| 008 | 260306t2008||||xx |||||||||||||| ||spa|| | ||
| 041 | _aESP | ||
| 082 |
_a371.35 _bC78 |
||
| 100 |
_aCorrales Palomo, María Isabel _eAUT |
||
| 245 | 0 | _aMetodología de la formación abierta y a distancia | |
| 260 | _c2008 | ||
| 300 |
_a340 páginas : _cil. |
||
| 650 | _aGEN | ||
| 654 | _aCED | ||
| 942 |
_cLIB _dJUS _fJUS _2ddc _n |
||
| 999 |
_c8802 _d8802 |
||